00614 2200205 4500001002100000005001700021008004100038035002400079082001000103090002200113100001600135245012800151260003500279300002400314650001400338850001500352980001300367985000600380999002200386YOGYA-0209000005534420090227033519.0 ind  0010-020900000055344 a331.7 a331.7bAri DlDEP aARIFIN, Ali aDunia kerja antara pilihan dan keberhasilanbsebuah panduan bagi mereka yang sedang bergumul mengenai pekerjaancAli Arifin aYogyakartabYayasan Andic2002 avii, 104 hlmc14 cm aPekerjaan aYOPDYOG(M) a29-05-04 a1 a2002-441h CB-D.11